[Event "22nd 4NCL Congress"]
[Site "Telford"]
[Date "2019.07.20"]
[Round "3"]
[Board "27"]
[White "Gorgun, Aliriza Atif"]
[Black "Lewis, Christopher D"]
[Result "1-0"]
[WhiteElo "1862"]
[BlackElo "1864"]
[PlyCount "37"]
[EventDate "2019.07.19"]
[EventRounds "5"]
[EventCountry "ENG"]

1. c4 d5 2. cxd5 Qxd5 3. Nc3 Qd8 4. g3 Nf6 5. Nf3 Nbd7 6. d4 e6 7. Bg2 Bb4 8.
a3 Ba5 9. O-O O-O 10. Qc2 Qe7 11. b4 Bb6 12. a4 c6 13. b5 a5 14. bxc6 bxc6 15.
Ba3 c5 16. Ne5 Ra6 17. Nc6 Qe8 18. Nb5 Bb7 19. Nd6  1-0

[Event "22nd 4NCL Congress"]
[Site "Telford"]
[Date "2019.07.21"]
[Round "4"]
[Board "1"]
[White "Hebden, Mark L"]
[Black "Murphy, Conor E"]
[Result "1-0"]
[WhiteElo "2421"]
[BlackElo "2362"]
[PlyCount "125"]
[EventDate "2019.07.19"]
[EventRounds "5"]
[EventCountry "ENG"]

1. d4 d5 2. Nc3 Nf6 3. Bf4 c5 4. e3 cxd4 5. exd4 a6 6. Bd3 Nc6 7. Nge2 Nb4 8.
Ng3 Nxd3+ 9. Qxd3 e6 10. a4 Bd7 11. O-O Be7 12. h3 Rc8 13. Rfb1 h5 14. Nf1 h4
15. Nd2 Nh5 16. Bh2 Bg5 17. Nf3 Nf4 18. Bxf4 Bxf4 19. Re1 Kf8 20. Ne5 Be8 21.
Ne2 Bh6 22. Nc1 Bg5 23. Nb3 Be7 24. Re3 Kg8 25. a5 Bb5 26. Qd1 Bg5 27. Re1 Be7
28. c3 Rh6 29. Nd2 Bd6 30. Ndf3 Bc7 31. Qd2 Bxa5 32. Ng5 Be8 33. Qf4 f5 34. Nd3
Bc7 35. Qd2 Qd6 36. f4 Bb5 37. Ne5 Rf8 38. Re3 Bd8 39. Rae1 b6 40. Qf2 Be8 41.
Nef3 Bf7 42. Nxh4 a5 43. g3 Bc7 44. Nhf3 Re8 45. Ne5 Bh5 46. Qc2 Qd8 47. Qa4 b5
48. Qxb5 Bxe5 49. Rxe5 Qb8 50. Qxb8 Rxb8 51. Rxe6 Rxe6 52. Rxe6 Rxb2 53. g4
fxg4 54. hxg4 Bf7 55. Re7 Bg6 56. f5 Kf8 57. Ra7 Be8 58. Ne6+ Kg8 59. Rxg7+ Kh8
60. Ra7 a4 61. g5 Rb6 62. Ra8 a3 63. Rxe8+  1-0

[Event "22nd 4NCL Congress"]
[Site "Telford"]
[Date "2019.07.21"]
[Round "4"]
[Board "2"]
[White "Adair, James R"]
[Black "Ashton, Adam G"]
[Result "0-1"]
[WhiteElo "2483"]
[BlackElo "2323"]
[PlyCount "108"]
[EventDate "2019.07.19"]
[EventRounds "5"]
[EventCountry "ENG"]

1. d4 d5 2. c4 e6 3. Nc3 Nf6 4. cxd5 exd5 5. Bg5 Be7 6. e3 c6 7. Bd3 Nbd7 8.
Qc2 h6 9. Bh4 Nh5 10. Bxe7 Qxe7 11. Nge2 Nb6 12. O-O O-O 13. Rae1 Bd7 14. Nc1
Rae8 15. Nb3 Qg5 16. Nc5 Bc8 17. Qe2 Nf6 18. f3 Re7 19. Qf2 h5 20. e4 dxe4 21.
fxe4 Ng4 22. Qf3 Rd8 23. Nb3 c5 24. dxc5 Ne5 25. Qe3 Qxe3+ 26. Rxe3 Nxd3 27.
cxb6 axb6 28. Rd1 Red7 29. Na4 Ne5 30. Rxd7 Rxd7 31. Rc3 Rd1+ 32. Kf2 Be6 33.
Nxb6 Nd3+ 34. Ke2 Nxb2 35. Nc5 Bg4+ 36. Ke3 Rd6 37. Rb3 Rxb6 38. Rxb6 Nc4+ 39.
Kd4 Nxb6 40. a4 Bc8 41. e5 Kf8 42. a5 Na8 43. h4 Ke7 44. g3 Nc7 45. Ne4 Ne6+
46. Kc4 Bd7 47. Nd6 Bc6 48. Kb4 g6 49. Nc8+ Kd7 50. Nb6+ Kd8 51. Kc4 Bg2 52.
Kd3 Kc7 53. Ke3 Nd8 54. Kd4 Nc6+  0-1

[Event "22nd 4NCL Congress"]
[Site "Telford"]
[Date "2019.07.21"]
[Round "4"]
[Board "4"]
[White "Jones, Steven A"]
[Black "Merry, Alan B"]
[Result "1-0"]
[WhiteElo "2117"]
[BlackElo "2435"]
[PlyCount "123"]
[EventDate "2019.07.19"]
[EventRounds "5"]
[EventCountry "ENG"]

1. d4 c5 2. d5 g6 3. e4 Bg7 4. Nc3 d6 5. Nf3 Nf6 6. Be2 O-O 7. O-O a6 8. a4 e6
9. Nd2 exd5 10. exd5 Nbd7 11. Nc4 Nb6 12. Ne3 Qc7 13. Bd2 Re8 14. a5 Nbd7 15.
Na4 Ne4 16. Be1 b5 17. axb6 Qb8 18. Nc4 Bb7 19. Na5 Bc8 20. Ra3 Nxb6 21. Nc6
Qb7 22. Rb3 Nxa4 23. Rxb7 Bxb7 24. c3 Nxb2 25. Qc2 Nxc3 26. Bxc3 Bxc3 27. Qxc3
Rxe2 28. Rb1 Rae8 29. h3 Na4 30. Qb3 Bxc6 31. dxc6 R2e4 32. c7 Rb4 33. Qxa4
Rxa4 34. Rb8 Rae4 35. Rd8 Kg7 36. c8=Q Rxd8 37. Qxd8 Rd4 38. Kf1 h5 39. g3 Kh7
40. Qb6 Kg7 41. Qxa6 Kg8 42. Qa7 Kg7 43. Qb6 Kg8 44. Ke2 Kg7 45. Qb8 Rd5 46.
Ke3 Rd4 47. Qa8 Rb4 48. Qc8 Rd4 49. f4 f5 50. g4 hxg4 51. hxg4 fxg4 52. Qxg4
Rd5 53. Qd7+ Kf6 54. Qd8+ Kf7 55. Qb8 Rd4 56. Kf3 Rd3+ 57. Kg4 Rd2 58. Qb3+ Kf6
59. Qg8 Ke7 60. Qg7+ Kd8 61. Kg5 c4 62. Qg8+  1-0

[Event "22nd 4NCL Congress"]
[Site "Telford"]
[Date "2019.07.21"]
[Round "4"]
[Board "5"]
[White "Abdulla, Murad"]
[Black "Sowray, Peter J"]
[Result "1/2-1/2"]
[WhiteElo "2244"]
[BlackElo "2334"]
[PlyCount "191"]
[EventDate "2019.07.19"]
[EventRounds "5"]
[EventCountry "ENG"]

1. e4 e5 2. Nf3 Nc6 3. Bc4 Nf6 4. d3 h6 5. c3 d6 6. a4 g6 7. O-O Bg7 8. Na3 O-O
9. Re1 a6 10. Nc2 d5 11. exd5 Nxd5 12. d4 exd4 13. Ncxd4 Nxd4 14. Nxd4 c6 15.
Qf3 Qd6 16. Rd1 Bd7 17. Ne2 Qf6 18. Bxd5 cxd5 19. Qxf6 Bxf6 20. Bxh6 Rfd8 21.
Be3 Bc6 22. Bd4 Bg5 23. f4 Bh6 24. Kf2 Re8 25. Be5 Bf8 26. b3 Bc5+ 27. Bd4 Bd6
28. g3 Bc7 29. Nc1 Bd7 30. Nd3 Bf5 31. Nb4 Be6 32. Nc2 Rac8 33. Ne3 Bd6 34.
Rac1 Be7 35. Rd3 Rc6 36. Rcd1 Rec8 37. b4 f6 38. g4 Kf7 39. Re1 Bd6 40. f5 gxf5
41. gxf5 Bd7 42. Nxd5 Rh8 43. h3 Rh5 44. Nxf6 Rxf5+ 45. Rf3 Rxf3+ 46. Kxf3 Bxh3
47. Ne4 Be7 48. Rh1 Bf5 49. Kf4 Bg6 50. Re1 Re6 51. Be5 Bxe4 52. Rxe4 Ke8 53.
Rc4 Rc6 54. Re4 Kd7 55. Kf5 Kc8 56. Rg4 Bd8 57. Rg7 Rh6 58. Bd4 Rd6 59. Ke4 Bf6
60. Rg6 Be7 61. Rg8+ Rd8 62. Rg7 Bd6 63. Rh7 Bc7 64. Rf7 Rd7 65. Rf5 Re7+ 66.
Kd5 Rd7+ 67. Kc4 b6 68. Rf6 Kb7 69. Re6 Rh7 70. Kd5 Rd7+ 71. Ke4 Rh7 72. c4 Rh8
73. Kd5 Rh5+ 74. Be5 Kc8 75. Re7 Bxe5 76. Rxe5 Rh7 77. Kd6 Rh4 78. c5 bxc5 79.
bxc5 Rc4 80. a5 Rc1 81. Kc6 Kb8 82. Kd6 Rd1+ 83. Kc6 Rc1 84. Re8+ Ka7 85. Re7+
Kb8 86. Kb6 Rb1+ 87. Kxa6 Rb2 88. Rh7 Rb1 89. Re7 Rb2 90. c6 Kc8 91. Ka7 Rb1
92. Rb7 Rc1 93. Kb6 Rb1+ 94. Ka6 Rxb7 95. cxb7+ Kb8 96. Kb6  1/2-1/2

[Event "22nd 4NCL Congress"]
[Site "Telford"]
[Date "2019.07.21"]
[Round "4"]
[Board "6"]
[White "Modi, Shyam Jagdish"]
[Black "Han, Yichen"]
[Result "0-1"]
[WhiteElo "2098"]
[BlackElo "2217"]
[PlyCount "80"]
[EventDate "2019.07.19"]
[EventRounds "5"]
[EventCountry "ENG"]

1. d4 Nf6 2. c4 g6 3. g3 Bg7 4. Bg2 O-O 5. Nf3 d6 6. O-O Nbd7 7. Nc3 e5 8. e4
c6 9. h3 Qa5 10. Re1 exd4 11. Nxd4 Ne5 12. Bf1 Re8 13. Be3 Be6 14. Nxe6 Rxe6
15. Kg2 Rae8 16. Qd2 Ned7 17. f3 a6 18. a3 h5 19. b4 Qc7 20. Bf2 Nh7 21. Rac1
Qd8 22. Red1 Nhf6 23. c5 dxc5 24. Bc4 cxb4 25. axb4 Re5 26. f4 Rxe4 27. Nxe4
Rxe4 28. Re1 Qe7 29. Bd4 h4 30. Bd3 Rxe1 31. Rxe1 Qd6 32. Bf2 Nd5 33. Re8+ Kh7
34. Bc4 N7f6 35. Re1 Bh6 36. Bxd5 Nxd5 37. Bd4 hxg3 38. Be5 Qd7 39. Kxg3 f6 40.
Bb8 Qd8  0-1

[Event "22nd 4NCL Congress"]
[Site "Telford"]
[Date "2019.07.21"]
[Round "4"]
[Board "7"]
[White "Lentzos, Ioannis"]
[Black "Willmoth, Robert F"]
[Result "1/2-1/2"]
[WhiteElo "2043"]
[BlackElo "2138"]
[PlyCount "92"]
[EventDate "2019.07.19"]
[EventRounds "5"]
[EventCountry "ENG"]

1. c4 d6 2. Nc3 e5 3. Nf3 f5 4. d4 e4 5. Ng5 Be7 6. Nh3 Nf6 7. g3 O-O 8. Bg2 c6
9. d5 cxd5 10. cxd5 Na6 11. O-O Nc7 12. f3 b5 13. a3 exf3 14. exf3 a5 15. Nf4
Bb7 16. Re1 b4 17. Na4 Rb8 18. axb4 axb4 19. Qb3 Kh8 20. Rd1 Qe8 21. Nb6 Nd7
22. Be3 Na6 23. Ne6 Ndc5 24. Nxc5 Nxc5 25. Qxb4 Bxd5 26. Rxd5 Qc6 27. Bxc5 dxc5
28. Qe1 Bf6 29. Nd7 Qxd5 30. Nxf8 Rxf8 31. Rd1 Qb3 32. f4 Qxb2 33. Bd5 Qb5 34.
Qe6 Qe8 35. Kg2 Bd4 36. Re1 Qxe6 37. Rxe6 g6 38. Rc6 Re8 39. Be6 Re7 40. Kf3
Kg7 41. g4 fxg4+ 42. Kxg4 h5+ 43. Kf3 Ra7 44. Ke4 Ra3 45. Rc7+ Kf6 46. Kd5 g5
 1/2-1/2

[Event "22nd 4NCL Congress"]
[Site "Telford"]
[Date "2019.07.21"]
[Round "4"]
[Board "8"]
[White "Rushbrooke, Remy"]
[Black "Price, Gwilym T"]
[Result "0-1"]
[WhiteElo "1963"]
[BlackElo "2138"]
[PlyCount "48"]
[EventDate "2019.07.19"]
[EventRounds "5"]
[EventCountry "ENG"]

1. d4 Nf6 2. Nc3 d5 3. Bg5 Nbd7 4. e3 h6 5. Bh4 c6 6. f4 Qb6 7. a3 g6 8. Nf3
Bg7 9. Bd3 O-O 10. O-O Re8 11. Ne5 Nf8 12. g4 N6h7 13. Qf3 e6 14. Nxf7 Kxf7 15.
f5 exf5 16. gxf5 g5 17. e4 Bxd4+ 18. Kh1 Nf6 19. exd5 Qc5 20. Ne4 Nxe4 21. Qh5+
Kg8 22. Qxe8 Be6 23. Qxa8 Bxd5 24. h3 Qd6  0-1

[Event "22nd 4NCL Congress"]
[Site "Telford"]
[Date "2019.07.21"]
[Round "4"]
[Board "9"]
[White "Surtees, Mike J"]
[Black "Forster, Matthew"]
[Result "1-0"]
[WhiteElo "2103"]
[BlackElo "1825"]
[PlyCount "103"]
[EventDate "2019.07.19"]
[EventRounds "5"]
[EventCountry "ENG"]

1. e4 c5 2. Nh3 d5 3. Bb5+ Nc6 4. Ng5 e6 5. Bxc6+ bxc6 6. d3 f6 7. Nf3 Bd6 8.
Nh4 Ne7 9. Qh5+ g6 10. Qe2 g5 11. Nf3 Qc7 12. e5 fxe5 13. Bxg5 Ng6 14. c4 Ba6
15. b3 h6 16. Bc1 O-O-O 17. g3 Rdf8 18. Nbd2 Kb8 19. Bb2 Rf5 20. h4 Rhf8 21. h5
Ne7 22. Rh2 Nc8 23. Nh4 R5f6 24. Ng6 R8f7 25. Nxe5 Rf5 26. Nxf7 Qxf7 27. O-O-O
Nb6 28. f4 Nd7 29. Nf3 d4 30. Re1 e5 31. Kc2 Bc8 32. Bc1 Kb7 33. g4 Rf6 34.
Nxe5 Qf8 35. Ng6 Qd8 36. Rg2 Qa5 37. Kb1 Nb8 38. f5 Na6 39. Bxh6 Nb4 40. Bc1
Rxf5 41. Rf1 Rxf1 42. Qxf1 Bxg4 43. a3 Bh3 44. Qf7+ Bc7 45. axb4 Qxb4 46. Rb2
Qa5 47. Bd2 Qb6 48. b4 Kc8 49. h6 cxb4 50. h7 b3 51. h8=Q+ Kb7 52. Qxh3  1-0

[Event "22nd 4NCL Congress"]
[Site "Telford"]
[Date "2019.07.21"]
[Round "4"]
[Board "10"]
[White "Hosdurga, Chirag"]
[Black "Moore, Gerald"]
[Result "0-1"]
[WhiteElo "1926"]
[BlackElo "2084"]
[PlyCount "80"]
[EventDate "2019.07.19"]
[EventRounds "5"]
[EventCountry "ENG"]

1. d4 Nf6 2. c4 g6 3. Nc3 d5 4. Nf3 Bg7 5. Bg5 dxc4 6. e3 Be6 7. Ne5 Nd5 8.
Nxc4 c5 9. Qa4+ Nc6 10. Rd1 cxd4 11. exd4 O-O 12. Be3 Nxc3 13. bxc3 Qd5 14. Qc2
Rac8 15. Bd3 b5 16. Nb2 Nb4 17. Qd2 Nxd3+ 18. Nxd3 Qxg2 19. Rf1 Bh3 20. Ke2
Bg4+ 21. Ke1 Bxd1 22. Qxd1 Qc6 23. Nc5 e5 24. d5 Qd6 25. Ne4 Qa3 26. d6 f5 27.
Qd5+ Kh8 28. Bc5 Qc1+ 29. Ke2 Qc2+ 30. Nd2 Qxc3 31. Nb3 Qc4+ 32. Qxc4 bxc4 33.
d7 cxb3 34. Bxf8 Rxf8 35. axb3 Rd8 36. Rc1 Kg8 37. Rc8 Bf6 38. Kd3 Kf7 39. Rc7
Ke7 40. Rxa7 Rxd7+  0-1

[Event "22nd 4NCL Congress"]
[Site "Telford"]
[Date "2019.07.21"]
[Round "4"]
[Board "11"]
[White "Walton, Alan J"]
[Black "Penna, Tommaso"]
[Result "0-1"]
[WhiteElo "2123"]
[BlackElo "2014"]
[PlyCount "154"]
[EventDate "2019.07.19"]
[EventRounds "5"]
[EventCountry "ENG"]

1. d4 d5 2. Nf3 Nf6 3. Bf4 c5 4. e3 Nc6 5. c3 e6 6. Bd3 Bd6 7. Bg3 O-O 8. Nbd2
b6 9. Ne5 Bb7 10. f4 Ne7 11. O-O Nf5 12. Qf3 Be7 13. Rae1 Nd6 14. Qe2 Nfe4 15.
Nxe4 Nxe4 16. Ba6 Bxa6 17. Qxa6 Qc8 18. Qe2 c4 19. Nf3 b5 20. Nd2 Nxd2 21. Qxd2
f5 22. Rb1 Qc6 23. Rfc1 Rfc8 24. Be1 a5 25. a3 Rcb8 26. Qc2 Rb6 27. b4 cxb3 28.
Qxb3 Rab8 29. Ra1 Qc4 30. Qb2 Kf7 31. Kf2 Bh4+ 32. g3 Be7 33. Qe2 g6 34. Rcb1
Qa4 35. Qd1 Qc4 36. Qe2 Rc6 37. h4 Ke8 38. Bd2 Kd7 39. Be1 Kc8 40. Bd2 Rb7 41.
Be1 Qxe2+ 42. Kxe2 Rc4 43. Kd3 Ra4 44. Rb3 Kc7 45. Bd2 Kc6 46. Be1 Rb6 47. Bd2
Kb7 48. Ke2 Ka6 49. Kd3 b4 50. cxb4 axb4 51. Kc2 bxa3 52. Rxb6+ Kxb6 53. Kb3
Kb5 54. Ra2 Ra8 55. Bc3 h6 56. Be1 Ra4 57. Bc3 Ra6 58. Bd2 Rc6 59. Bc3 Rc4 60.
Rh2 Ra4 61. Ra2 Bf8 62. Bd2 Bb4 63. Bc1 Bd6 64. Bd2 Bb4 65. Bc1 Be7 66. Bd2 Rc4
67. Ra1 Bb4 68. Ra2 Bd6 69. Bc3 Bb4 70. Bd2 Bxd2 71. Rxd2 Ra4 72. Ra2 Rb4+ 73.
Kc3 Ka4 74. Ra1 Rb3+ 75. Kd2 Rb2+ 76. Kc3 Rb3+ 77. Kd2 Kb4  0-1

[Event "22nd 4NCL Congress"]
[Site "Telford"]
[Date "2019.07.21"]
[Round "4"]
[Board "12"]
[White "Ireland, David J"]
[Black "Gayson, Peter M"]
[Result "0-1"]
[WhiteElo "1966"]
[BlackElo "2068"]
[PlyCount "80"]
[EventDate "2019.07.19"]
[EventRounds "5"]
[EventCountry "ENG"]

1. e4 c5 2. b3 e6 3. Bb2 a6 4. g3 d6 5. Bg2 Nf6 6. Ne2 Nc6 7. O-O Be7 8. d4
cxd4 9. Nxd4 Qc7 10. c4 O-O 11. Nc3 Bd7 12. Rc1 Nxd4 13. Qxd4 Rac8 14. h3 Rfd8
15. Kh2 Qb8 16. f4 b5 17. cxb5 axb5 18. e5 Ne8 19. Ne4 Bc6 20. Qf2 Bxe4 21.
Bxe4 d5 22. Bb1 g6 23. g4 Rxc1 24. Rxc1 Rc8 25. Rf1 Bc5 26. Qf3 Ng7 27. f5 d4
28. Qf4 exf5 29. gxf5 Nh5 30. Qe4 Re8 31. Re1 Rxe5 32. Qxe5 Bd6 33. Bxd4 f6 34.
fxg6 Bxe5+ 35. Bxe5 fxe5 36. gxh7+ Kh8 37. Be4 Nf6 38. Bf5 Nxh7 39. Rc1 e4+ 40.
Kh1 Qf4  0-1

[Event "22nd 4NCL Congress"]
[Site "Telford"]
[Date "2019.07.21"]
[Round "4"]
[Board "13"]
[White "Davis, Lee"]
[Black "Agnew, Alan"]
[Result "1/2-1/2"]
[WhiteElo "1937"]
[BlackElo "2048"]
[PlyCount "50"]
[EventDate "2019.07.19"]
[EventRounds "5"]
[EventCountry "ENG"]

1. d4 Nf6 2. g3 c5 3. Nf3 g6 4. Bg2 Bg7 5. O-O O-O 6. c4 cxd4 7. Nxd4 Nc6 8.
Nc3 Qb6 9. Nc2 d6 10. h3 Bd7 11. Rb1 Rfc8 12. b3 a5 13. Be3 Qa6 14. Na4 Rd8 15.
Nb6 Rab8 16. Nxd7 Rxd7 17. Nd4 Nxd4 18. Bxd4 Rc7 19. Qd2 Nd7 20. Bxg7 Kxg7 21.
Rfc1 Kg8 22. Qe3 Re8 23. Kh2 Rc5 24. Qe4 Rc7 25. Qe3 Rc5  1/2-1/2

[Event "22nd 4NCL Congress"]
[Site "Telford"]
[Date "2019.07.21"]
[Round "4"]
[Board "14"]
[White "Duncan, Patrick Cm"]
[Black "Modi, Kishan J"]
[Result "1/2-1/2"]
[WhiteElo "2018"]
[BlackElo "1923"]
[PlyCount "94"]
[EventDate "2019.07.19"]
[EventRounds "5"]
[EventCountry "ENG"]

1. b3 e5 2. Bb2 Nc6 3. e3 d5 4. Bb5 Bd6 5. f4 f6 6. Qh5+ g6 7. Qh4 Bd7 8. Nc3
Nb4 9. Bxd7+ Qxd7 10. fxe5 Nxc2+ 11. Kd1 Nxa1 12. exd6 Qxd6 13. Bxa1 O-O-O 14.
Nge2 c6 15. Rf1 Ne7 16. Qxf6 Qxf6 17. Rxf6 Rhf8 18. Rxf8 Rxf8 19. Ke1 Kd7 20.
Nd4 Nf5 21. Nxf5 Rxf5 22. Ne2 c5 23. Ng1 b5 24. a3 a5 25. Bc3 b4 26. axb4 axb4
27. Bb2 Rf8 28. Nf3 Ra8 29. Kd1 Rf8 30. Ke2 Ra8 31. Kd3 Kd6 32. Kc2 Rf8 33. d3
Re8 34. Kd2 Rf8 35. e4 d4 36. Ke2 Ra8 37. Nd2 Ke6 38. Kf2 h5 39. g3 Rf8+ 40.
Kg2 Ra8 41. Nc4 Ra7 42. h3 Ra8 43. Kf3 Rf8+ 44. Kg2 Ra8 45. Nd2 Ra2 46. Nc4 Ra8
47. Kf3 Rf8+  1/2-1/2

[Event "22nd 4NCL Congress"]
[Site "Telford"]
[Date "2019.07.21"]
[Round "4"]
[Board "15"]
[White "Salmons, Calum"]
[Black "Blake, J Morgan"]
[Result "1-0"]
[WhiteElo "1898"]
[BlackElo "1976"]
[PlyCount "45"]
[EventDate "2019.07.19"]
[EventRounds "5"]
[EventCountry "ENG"]

1. e4 e6 2. Nf3 d5 3. e5 c5 4. b4 c4 5. c3 a5 6. b5 Nd7 7. d4 cxd3 8. Bxd3 Bc5
9. O-O Ne7 10. Re1 Ng6 11. Be3 Qc7 12. Bd4 Nb6 13. a4 Nf4 14. Bf1 g5 15. Nxg5
Bxd4 16. Qxd4 Ng6 17. Nd2 h6 18. Ngf3 Bd7 19. Rac1 O-O 20. c4 dxc4 21. Nxc4
Nxc4 22. Rxc4 Qd8 23. Rd1  1-0

[Event "22nd 4NCL Congress"]
[Site "Telford"]
[Date "2019.07.21"]
[Round "4"]
[Board "16"]
[White "Jones, Tibor T"]
[Black "Ther, Mate"]
[Result "1/2-1/2"]
[WhiteElo "1857"]
[BlackElo "1970"]
[PlyCount "162"]
[EventDate "2019.07.19"]
[EventRounds "5"]
[EventCountry "ENG"]

1. d4 Nf6 2. c4 e6 3. Nf3 c5 4. d5 exd5 5. cxd5 d6 6. Nc3 g6 7. Bf4 Bg7 8. Qa4+
Bd7 9. Qb3 Qc7 10. e3 O-O 11. h3 a6 12. a4 Re8 13. Be2 Ne4 14. O-O Nxc3 15.
bxc3 Bf5 16. Rad1 Nd7 17. Nh4 Nf6 18. Nxf5 gxf5 19. Rb1 Rab8 20. Bf3 b5 21.
axb5 axb5 22. Ra1 Qb6 23. Ra2 Ra8 24. Rfa1 Rxa2 25. Qxa2 Nd7 26. Qa7 Rd8 27.
Ra6 Qxa7 28. Rxa7 Bxc3 29. Bxd6 Ne5 30. Bxc5 b4 31. Rb7 h6 32. Bxb4 Nxf3+ 33.
gxf3 Bxb4 34. Rxb4 Rxd5 35. Kg2 Kg7 36. Kg3 Kg6 37. Rb6+ f6 38. Rb8 Rd1 39.
Rg8+ Kf7 40. Ra8 Kg6 41. Ra4 Rg1+ 42. Kh2 Rc1 43. Kg2 Kg5 44. Ra5 Kg6 45. e4
fxe4 46. fxe4 Rc3 47. Rd5 Rb3 48. Ra5 Rc3 49. Rb5 Ra3 50. f3 Ra2+ 51. Kg3 Ra1
52. h4 h5 53. Rb2 Ra5 54. Kf4 Rc5 55. Rb1 Ra5 56. Rc1 Rb5 57. Ra1 Rc5 58. Rd1
Ra5 59. Rd5 Ra1 60. e5 fxe5+ 61. Rxe5 Rh1 62. Kg3 Rg1+ 63. Kh2 Rb1 64. Rg5+ Kh6
65. Ra5 Kg6 66. Kg2 Rc1 67. Rb5 Rd1 68. Ra5 Rc1 69. Kf2 Rc4 70. Ra6+ Kg7 71.
Kg3 Rb4 72. Re6 Rc4 73. Re4 Rc3 74. Kf4 Kf6 75. Ra4 Rc6 76. Ke4 Rc3 77. Ra6+
Kg7 78. Ra7+ Kf6 79. Ra6+ Kg7 80. Rd6 Ra3 81. Ke5 Rxf3  1/2-1/2

[Event "22nd 4NCL Congress"]
[Site "Telford"]
[Date "2019.07.21"]
[Round "4"]
[Board "17"]
[White "Kay, Lee P"]
[Black "Seymour, Timothy P"]
[Result "1/2-1/2"]
[WhiteElo "1949"]
[BlackElo "2129"]
[PlyCount "82"]
[EventDate "2019.07.19"]
[EventRounds "5"]
[EventCountry "ENG"]

1. e4 e5 2. Nc3 Nf6 3. Bc4 Bc5 4. d3 c6 5. f4 exf4 6. Nf3 d5 7. exd5 cxd5 8.
Bb5+ Nc6 9. Qe2+ Be6 10. Bxf4 O-O 11. Bxc6 bxc6 12. d4 Bb4 13. O-O Re8 14. Bg5
h6 15. Bxf6 Qxf6 16. a3 Bd6 17. Qf2 Bg4 18. Kh1 Rab8 19. Rab1 Re6 20. h3 Bxf3
21. Qxf3 Qxf3 22. Rxf3 Bxa3 23. bxa3 Rxb1+ 24. Nxb1 Re1+ 25. Kh2 Rxb1 26. Rc3
Rb6 27. Kg3 Kf8 28. Kf4 Ke7 29. h4 g6 30. h5 gxh5 31. Kf5 Rb1 32. Rxc6 Kd7 33.
Ra6 Rg1 34. Rxa7+ Kc6 35. Rxf7 Rxg2 36. Rf6+ Kb5 37. Rxh6 Kc4 38. Rxh5 Kxd4 39.
Ke6 Rxc2 40. Rxd5+ Kc4 41. Rd1 Ra2  1/2-1/2

[Event "22nd 4NCL Congress"]
[Site "Telford"]
[Date "2019.07.21"]
[Round "4"]
[Board "18"]
[White "Van Kemenade, Rudy"]
[Black "White, Stuart A"]
[Result "0-1"]
[WhiteElo "1941"]
[BlackElo "2108"]
[PlyCount "66"]
[EventDate "2019.07.19"]
[EventRounds "5"]
[EventCountry "ENG"]

1. e4 c5 2. Nf3 d6 3. Bb5+ Nd7 4. O-O a6 5. Bd3 Ngf6 6. Re1 b5 7. c4 Rb8 8. Nc3
b4 9. Nd5 e5 10. Bc2 Nxd5 11. exd5 Be7 12. Bf5 g6 13. Bxd7+ Bxd7 14. d4 cxd4
15. Nxd4 O-O 16. Nc2 Qc7 17. b3 f5 18. f4 Bf6 19. Rb1 exf4 20. Bxf4 g5 21. Be3
Rbe8 22. Qd2 Bc3 23. Qf2 Bxe1 24. Rxe1 f4 25. Bd4 Rxe1+ 26. Qxe1 Re8 27. Qxb4
Bf5 28. Qd2 Qe7 29. Nb4 Qe4 30. h3 Qb1+ 31. Kh2 Re1 32. g3 Rh1+ 33. Kg2 Qf1#
 0-1

[Event "22nd 4NCL Congress"]
[Site "Telford"]
[Date "2019.07.21"]
[Round "4"]
[Board "19"]
[White "Ratnesan, Ranesh"]
[Black "Gorgun, Aliriza Atif"]
[Result "1-0"]
[WhiteElo "2080"]
[BlackElo "1862"]
[PlyCount "109"]
[EventDate "2019.07.19"]
[EventRounds "5"]
[EventCountry "ENG"]

1. d4 d6 2. Nf3 g6 3. c4 Bg7 4. g3 Nf6 5. Bg2 O-O 6. O-O Nc6 7. Nc3 a6 8. h3
Re8 9. d5 Na5 10. Nd2 c5 11. Qc2 Bd7 12. b3 b5 13. Bb2 Rb8 14. Rab1 e6 15. Nce4
exd5 16. cxd5 Nxe4 17. Nxe4 Bf5 18. Bxg7 Kxg7 19. Rbe1 Bxe4 20. Bxe4 f5 21. Bg2
Qf6 22. e4 fxe4 23. Rxe4 Re5 24. Rxe5 Qxe5 25. Qd2 Nb7 26. Re1 Qd4 27. Re7+ Kf8
28. Qxd4 cxd4 29. Rxh7 Kg8 30. Rh4 d3 31. Bf1 Nc5 32. Rd4 Re8 33. b4 Re4 34.
Rxe4 Nxe4 35. Bxd3 Nc3 36. a3 Kg7 37. f4 Nxd5 38. Kf2 Kf6 39. h4 Nc7 40. Ke3
Ne6 41. Ke4 Ng7 42. g4 Ne6 43. Bb1 d5+ 44. Kxd5 Nxf4+ 45. Kc6 Ng2 46. h5 gxh5
47. gxh5 Kg5 48. Kc5 Ne3 49. Be4 Nc4 50. a4 Kxh5 51. a5 Nd2 52. Bb7 Nb3+ 53.
Kd5 Nc1 54. Kd4 Ne2+ 55. Kc5  1-0

[Event "22nd 4NCL Congress"]
[Site "Telford"]
[Date "2019.07.21"]
[Round "4"]
[Board "20"]
[White "Fletcher, John T"]
[Black "Kan, Toby"]
[Result "1-0"]
[WhiteElo "1999"]
[BlackElo "1702"]
[PlyCount "45"]
[EventDate "2019.07.19"]
[EventRounds "5"]
[EventCountry "ENG"]

1. d4 Nf6 2. Nc3 d5 3. Bg5 Nbd7 4. Qd3 e6 5. e4 dxe4 6. Nxe4 Be7 7. Nxf6+ Nxf6
8. Nf3 h6 9. Bf4 a6 10. Ne5 Nd7 11. O-O-O O-O 12. Qg3 Bg5 13. Bd3 Nf6 14. Bxg5
hxg5 15. Qxg5 Qxd4 16. h4 c5 17. h5 Ne4 18. Bxe4 Qxe4 19. h6 Qh7 20. hxg7 Qxg7
21. Rh5 f6 22. Qh4 fxe5 23. Rg5  1-0

[Event "22nd 4NCL Congress"]
[Site "Telford"]
[Date "2019.07.21"]
[Round "4"]
[Board "21"]
[White "Staples, Daniel J"]
[Black "Ross, Stuart"]
[Result "1-0"]
[WhiteElo "1992"]
[BlackElo "1635"]
[PlyCount "49"]
[EventDate "2019.07.19"]
[EventRounds "5"]
[EventCountry "ENG"]

1. d4 Nf6 2. Nf3 e6 3. e3 b6 4. Bd3 Bb7 5. O-O c5 6. Nbd2 Be7 7. c3 O-O 8. Qe2
d5 9. Ne5 Nc6 10. f4 cxd4 11. exd4 a5 12. g4 Qc8 13. Nxc6 Qxc6 14. g5 Ne8 15.
Qh5 g6 16. Qh6 Ng7 17. Rf3 f5 18. gxf6 Rxf6 19. Rh3 Nf5 20. Qxh7+ Kf8 21. Nf3
Ke8 22. Qg8+ Rf8 23. Qxg6+ Kd8 24. Ne5 Qd6 25. Nf7+  1-0

[Event "22nd 4NCL Congress"]
[Site "Telford"]
[Date "2019.07.21"]
[Round "4"]
[Board "22"]
[White "Somton, Anita"]
[Black "Adams, Mark A"]
[Result "0-1"]
[WhiteElo "1832"]
[BlackElo "1963"]
[PlyCount "136"]
[EventDate "2019.07.19"]
[EventRounds "5"]
[EventCountry "ENG"]

1. d4 Nf6 2. Nf3 e6 3. c4 d5 4. g3 Bb4+ 5. Bd2 Be7 6. Bg2 O-O 7. O-O Nbd7 8.
cxd5 exd5 9. Nc3 c6 10. Qc2 Re8 11. a3 Bd6 12. Nh4 g6 13. Bg5 Be7 14. Nf3 Ne4
15. Bxe7 Qxe7 16. Nxe4 Qxe4 17. Qxe4 Rxe4 18. e3 Re7 19. b4 a6 20. Rac1 Nb6 21.
Nd2 Bf5 22. Rfe1 Bd3 23. Bf1 Bb5 24. Kg2 Ba4 25. Rc5 Bb5 26. Rcc1 Nc8 27. Rc3
Nd6 28. Rb1 Ree8 29. Kg1 Ra7 30. Rbb3 a5 31. bxa5 Rxa5 32. Bxb5 Nxb5 33. Rd3
Rea8 34. Nb1 Nd6 35. Kf1 b5 36. Rdc3 Nc4 37. Ke2 Kf8 38. Rc2 Ke7 39. Ra2 Kd6
40. Kd3 f5 41. Kc3 g5 42. Kd3 Ra4 43. Kc3 R8a7 44. Kd3 b4 45. Kc2 Kc7 46. Rd3
R4a6 47. a4 Rxa4 48. Rxa4 Rxa4 49. Kb3 Ra7 50. Rd1 Rb7 51. Nd2 Nd6 52. Ra1 Nb5
53. Ra4 Nc3 54. Rxb4 Rxb4+ 55. Kxb4 Nd1 56. Nf3 h6 57. Ne5 Nxf2 58. Nf7 Ng4 59.
Kc3 Kd7 60. h3 Ke7 61. Nxg5 Nh2 62. Nh7 Nf1 63. Kb4 Nxe3 64. Kc5 Kf7 65. Kxc6
Kg7 66. Kd6 Kxh7 67. Ke5 Kg6 68. Kf4 Nc4  0-1

[Event "22nd 4NCL Congress"]
[Site "Telford"]
[Date "2019.07.21"]
[Round "4"]
[Board "23"]
[White "Baxter, Harry"]
[Black "Sagues, Vincent"]
[Result "1/2-1/2"]
[WhiteElo "1864"]
[BlackElo "1958"]
[PlyCount "40"]
[EventDate "2019.07.19"]
[EventRounds "5"]
[EventCountry "ENG"]

1. Nf3 d5 2. g3 Nf6 3. Bg2 Bf5 4. d4 e6 5. O-O Be7 6. c4 c6 7. Nc3 h6 8. Nd2
O-O 9. e4 dxe4 10. Ndxe4 Nbd7 11. Re1 Nxe4 12. Nxe4 Nf6 13. Nc3 Qd7 14. Qb3
Rac8 15. h3 Bd6 16. Be3 Rfd8 17. Rad1 a6 18. Na4 Rb8 19. Nb6 Qe7 20. Bd2 Nd7
 1/2-1/2